Mapa de España con provincias unidas al azar - Estadísticas

Estadísticas generales
  • Esta prueba ha sido intentada 4.304 veces
  • La puntuación promedio es 10 de 12
Respuestas en el mapa
Las respuestas están codificadas por una escala verde-roja en el mapa de la prueba según el % correcto abajo.
 
Estadísticas de respuestas
Nombre de grupo Provincia % Correcto
Provincias unidas Cáceres
97%
Provincias unidas Valencia
97%
Provincias unidas Valencia
96%
Provincias unidas Asturias
95%
Provincias unidas Badajoz
95%
Provincias unidas Badajoz
94%
Provincias unidas Madrid
94%
Provincias unidas Murcia
94%
Provincias unidas Albacete
93%
Provincias unidas Guadalajara
93%
Provincias unidas León
93%
Provincias unidas Madrid
93%
Provincias unidas Málaga
93%
Provincias unidas Murcia
93%
Provincias unidas Sevilla
93%
Provincias unidas Toledo
93%
Provincias unidas Zaragoza
93%
Provincias unidas Asturias
92%
Provincias unidas Cáceres
92%
Provincias unidas Cuenca
92%
Provincias unidas León
92%
Provincias unidas Lugo
92%
Provincias unidas Lugo
92%
Provincias unidas Madrid
92%
Provincias unidas Madrid
92%
Provincias unidas Albacete
91%
Provincias unidas Alicante
91%
Provincias unidas Badajoz
91%
Provincias unidas Badajoz
91%
Provincias unidas Barcelona
91%
Provincias unidas Cantabria
91%
Provincias unidas Ciudad Real
91%
Provincias unidas León
91%
Provincias unidas Málaga
91%
Provincias unidas Málaga
91%
Provincias unidas Sevilla
91%
Provincias unidas Toledo
91%
Provincias unidas Valencia
91%
Provincias unidas Valencia
91%
Provincias unidas Zaragoza
91%
Provincias unidas Asturias
90%
Provincias unidas Cáceres
90%
Provincias unidas Ciudad Real
90%
Provincias unidas Córdoba
90%
Provincias unidas Cuenca
90%
Provincias unidas Granada
90%
Provincias unidas Jaén
90%
Provincias unidas León
90%
Provincias unidas Sevilla
90%
Provincias unidas Tarragona
90%
Provincias unidas Toledo
90%
Provincias unidas Zaragoza
90%
Provincias unidas Zaragoza
90%
Provincias unidas Badajoz
89%
Provincias unidas Córdoba
89%
Provincias unidas Córdoba
89%
Provincias unidas Granada
89%
Provincias unidas Jaén
89%
Provincias unidas Jaén
89%
Provincias unidas León
89%
Provincias unidas León
89%
Provincias unidas Ourense
89%
Provincias unidas Tarragona
89%
Provincias unidas Teruel
89%
Provincias unidas Teruel
89%
Provincias unidas Toledo
89%
Provincias unidas Albacete
88%
Provincias unidas Albacete
88%
Provincias unidas Almería
88%
Provincias unidas Barcelona
88%
Provincias unidas Cáceres
88%
Provincias unidas Cuenca
88%
Provincias unidas Granada
88%
Provincias unidas Granada
88%
Provincias unidas Jaén
88%
Provincias unidas León
88%
Provincias unidas Madrid
88%
Provincias unidas Ourense
88%
Provincias unidas Tarragona
88%
Provincias unidas Castellón
87%
Provincias unidas Ciudad Real
87%
Provincias unidas Córdoba
87%
Provincias unidas Córdoba
87%
Provincias unidas Huesca
87%
Provincias unidas Lleida
87%
Provincias unidas Lleida
87%
Provincias unidas Murcia
87%
Provincias unidas Navarra
87%
Provincias unidas Sevilla
87%
Provincias unidas Tarragona
87%
Provincias unidas Castellón
86%
Provincias unidas Ciudad Real
86%
Provincias unidas Ciudad Real
86%
Provincias unidas Huesca
86%
Provincias unidas Lleida
86%
Provincias unidas Tarragona
86%
Provincias unidas Toledo
86%
Provincias unidas Ávila
85%
Provincias unidas Burgos
85%
Provincias unidas Guadalajara
85%
Provincias unidas Huelva
85%
Provincias unidas Murcia
85%
Provincias unidas Sevilla
85%
Provincias unidas Teruel
85%
Provincias unidas Valencia
85%
Provincias unidas Zamora
85%
Provincias unidas Zaragoza
85%
Provincias unidas Zaragoza
85%
Provincias unidas Zaragoza
85%
Provincias unidas Albacete
84%
Provincias unidas Ávila
84%
Provincias unidas Cádiz
84%
Provincias unidas Ciudad Real
84%
Provincias unidas Cuenca
84%
Provincias unidas Huesca
84%
Provincias unidas Lugo
84%
Provincias unidas Navarra
84%
Provincias unidas Teruel
84%
Provincias unidas Burgos
83%
Provincias unidas Córdoba
83%
Provincias unidas Guadalajara
83%
Provincias unidas Guadalajara
83%
Provincias unidas Huelva
83%
Provincias unidas Navarra
83%
Provincias unidas Ourense
83%
Provincias unidas Palencia
83%
Provincias unidas Zamora
83%
Provincias unidas Zamora
83%
Provincias unidas Albacete
82%
Provincias unidas Alicante
82%
Provincias unidas Alicante
82%
Provincias unidas Cantabria
82%
Provincias unidas Castellón
82%
Provincias unidas Cuenca
82%
Provincias unidas Albacete
81%
Provincias unidas Cantabria
81%
Provincias unidas Cuenca
81%
Provincias unidas Guadalajara
81%
Provincias unidas Lleida
81%
Provincias unidas Salamanca
81%
Provincias unidas Segovia
81%
Provincias unidas Segovia
81%
Provincias unidas Almería
80%
Provincias unidas Granada
80%
Provincias unidas Navarra
80%
Provincias unidas Araba
79%
Provincias unidas Burgos
79%
Provincias unidas Cuenca
79%
Provincias unidas La Rioja
79%
Provincias unidas Ávila
78%
Provincias unidas Cantabria
78%
Provincias unidas Granada
78%
Provincias unidas Salamanca
78%
Provincias unidas Valladolid
78%
Provincias unidas Araba
77%
Provincias unidas Burgos
77%
Provincias unidas Burgos
77%
Provincias unidas Burgos
76%
Provincias unidas Burgos
76%
Provincias unidas Guadalajara
76%
Provincias unidas Segovia
76%
Provincias unidas Teruel
76%
Provincias unidas Teruel
76%
Provincias unidas Valladolid
76%
Provincias unidas Valladolid
76%
Provincias unidas Palencia
75%
Provincias unidas Segovia
75%
Provincias unidas Soria
75%
Provincias unidas Soria
75%
Provincias unidas La Rioja
74%
Provincias unidas Lugo
74%
Provincias unidas Palencia
73%
Provincias unidas Soria
73%
Provincias unidas Soria
72%
Provincias unidas Valladolid
72%
Provincias unidas Salamanca
71%
Provincias unidas Valladolid
71%
Provincias unidas Ávila
70%
Provincias unidas Zamora
70%
Provincias unidas Cantabria
69%
Provincias unidas Pontevedra
69%
Provincias unidas La Rioja
68%
Provincias unidas Soria
68%
Provincias unidas Navarra
67%
Provincias unidas Ourense
67%
Provincias unidas Pontevedra
67%
Provincias unidas Segovia
67%
Provincias unidas Valladolid
67%
Provincias unidas Salamanca
66%
Provincias unidas Valladolid
66%
Provincias unidas Araba
65%
Provincias unidas Ávila
65%
Provincias unidas Cádiz
65%
Provincias unidas Gipuzkoa
65%
Provincias unidas La Rioja
65%
Provincias unidas Ávila
64%
Provincias unidas Málaga
64%
Provincias unidas Barcelona
63%
Provincias unidas Bizkaia
63%
Provincias unidas Gipuzkoa
62%
Provincias unidas Araba
61%
Provincias unidas Palencia
61%
Provincias unidas Bizkaia
60%
Provincias unidas Segovia
60%
Provincias unidas Zaragoza
59%
Provincias unidas Gipuzkoa
58%
Provincias unidas Girona
57%
Provincias unidas Burgos
56%
Provincias unidas A Coruña
55%
Provincias unidas La Rioja
54%
Provincias unidas Araba
52%
Provincias unidas Pontevedra
52%
Provincias unidas Toledo
51%
Provincias unidas Bizkaia
50%
Provincias unidas Badajoz
46%
Provincias unidas Bizkaia
34%
Provincias unidas Lleida
34%
Provincias unidas Girona
28%
Provincias unidas Lugo
23%
Provincias unidas Huelva
21%
Provincias unidas Cádiz
19%
Provincias unidas A Coruña
16%
No se encontraron pruebas coincidentes
Distribución de puntuación
Porcentaje de gente con cada puntuación
Porcentaje por número respondido
Historial de tus puntuaciones
No has intentado esta prueba.